00609 2200217 4500001002100000005001700021008004100038020001800079035002500097082000800122090001400130100002300144245006900167250001100236260003100247300002400278500002900302650003100331850001200362990001700374INLIS00000000000718820150629083654.0 ind  a979-672-070-1 a0010-061500000001309 a634 a634 Ruk T aRukmana, H. Rahmat aTeknik memproduksi bibit unggul buah-buahan /cH. Rahmat Rukmana aCet. 1 aYogyakartabKanisiusc1999 a72 hlmbilusc21 cm aBibliografi : hlm. 64-65 aBibit unggul - Buah-buahan aYOPDYOG a313-Rd2/P.00